Điện công nghiệp

Guardado en:
Detalles Bibliográficos
Autor principal: Nguyễn, Văn Tuệ
Formato: Libro
Lenguaje:Undetermined
Publicado: Đà Nẵng Nhà xuất bản Đà Nẵng 2003
Materias:
Etiquetas: Agregar Etiqueta
Sin Etiquetas, Sea el primero en etiquetar este registro!
Thư viện lưu trữ: Trung tâm Học liệu Trường Đại học Cần Thơ
LEADER 00586nam a2200205Ia 4500
001 CTU_88420
008 210402s9999 xx 000 0 und d
020 |c 55000 
082 |a 621.31 
082 |b T507 
100 |a Nguyễn, Văn Tuệ 
245 0 |a Điện công nghiệp 
245 0 |c Nguyễn Văn Tuệ 
260 |a Đà Nẵng 
260 |b Nhà xuất bản Đà Nẵng 
260 |c 2003 
650 |a Electric engineering 
650 |x Equipment and supplies 
904 |i M.Loan,Hải 
980 |a Trung tâm Học liệu Trường Đại học Cần Thơ